<?xml version="1.0" encoding="utf-8"?>
<?xml-stylesheet type='text/xsl' href='./oai2.xsl'?>
<OAI-PMH xmlns="http://www.openarchives.org/OAI/2.0/" xmlns:xsi="http://www.w3.org/2001/XMLSchema-instance" xsi:schemaLocation="http://www.openarchives.org/OAI/2.0/ http://www.openarchives.org/OAI/2.0/OAI-PMH.xsd">
  <responseDate>2026-06-05T10:46:22Z</responseDate>
  <request verb="GetRecord" metadataPrefix="marcxml" identifier="record_kuniweb_21849">https://kulturerbe.niedersachsen.de/oai</request>
  <GetRecord>
    <record>
      <header>
        <identifier>record_kuniweb_21849</identifier>
        <datestamp>2015-06-19T12:07:43Z</datestamp>
        <setSpec>slg0103</setSpec>
      </header>
      <metadata>
        <marc:record xmlns:marc="http://www.loc.gov/MARC21/slim" xsi:schemaLocation="http://www.loc.gov/MARC21/slim http://www.loc.gov/standards/marcxml/schema/MARC21slim.xsd">
          <marc:leader>12345nem  22     uu 4500</marc:leader>
          <marc:controlfield tag="001">21849</marc:controlfield>
          <marc:controlfield tag="003">http://kuniweb.gbv.de</marc:controlfield>
          <marc:controlfield tag="005">2015-04-12T12:03:55</marc:controlfield>
          <marc:controlfield tag="008">|           ||||||||||||||||||||||</marc:controlfield>
          <marc:datafield tag="245" ind1="1" ind2="0">
            <marc:subfield code="a">Germanicae Nationis Descriptio</marc:subfield>
          </marc:datafield>
          <marc:datafield tag="700" ind1="1" ind2=" ">
            <marc:subfield code="a">Waldseemüller</marc:subfield>
            <marc:subfield code="e">Vorbild / Ideengeber</marc:subfield>
          </marc:datafield>
          <marc:datafield tag="700" ind1="1" ind2=" ">
            <marc:subfield code="a">Münster</marc:subfield>
            <marc:subfield code="e">Zeichner</marc:subfield>
          </marc:datafield>
          <marc:datafield tag="700" ind1="1" ind2=" ">
            <marc:subfield code="a">Schnitt</marc:subfield>
            <marc:subfield code="e">Hersteller</marc:subfield>
          </marc:datafield>
          <marc:datafield tag="655" ind1=" " ind2="7">
            <marc:subfield code="a">Karten</marc:subfield>
          </marc:datafield>
          <marc:datafield tag="046" ind1=" " ind2=" ">
            <marc:subfield code="k">1540</marc:subfield>
            <marc:subfield code="k">Jahr der Erstveröffentlichung 1540</marc:subfield>
          </marc:datafield>
          <marc:datafield tag="260" ind1=" " ind2=" ">
            <marc:subfield code="g">1540</marc:subfield>
            <marc:subfield code="g">Jahr der Erstveröffentlichung 1540</marc:subfield>
          </marc:datafield>
          <marc:datafield tag="300" ind1=" " ind2=" ">
            <marc:subfield code="a">Höhe: 25 cm
Breite: 34,5 cm</marc:subfield>
          </marc:datafield>
          <marc:datafield tag="520" ind1=" " ind2=" ">
            <marc:subfield code="a">Maßstäbe (in cm): 130 gewöhnliche deutsche Meilen = 20,6
Ausrichtung: Süden
Rückseite: rechts halbseitiger lateinischer Text mit dekorativem Beginn und Abschluß über die neue Auffassung von Deutschland im Gegensatz zu Ptolemäus, 6

Anmerkungen: 
Sebastian Münster hat diese Karte erstmals in seiner Ptolemäus-Ausgabe von 1540 verwendet, aber mit dem Titel „GERMANIA VI NOVA TABULA“ und anderer Gestaltung der Rückseite. – Die Südorientierung geht auf die Karte für Rompilger und die Mitteleuropakarte von Erhard Etzlaub (1460 bis1532) zurück.


Literatur in Zusammenhang:
Viktor Hantzsch: Münster als Kartograph, in Acta Cartographica XII, 1971, S. 97 Nr. 34 – Harald L. Ruland: A Survey of the Double-page Maps in the Thirty-Five Editions of the Cosmographia Universalis 1544-1628 of Sebastian Münster and in his Editions of Ptolemy’s Geographia 1540-1552, in Imago Mundi XVI, 1962, nach S. 96

Literatur in Zusammenhang:
P. H. Meurer, „Corpus der älteren Germania-Karten : ein annotierter Katalog der gedruckten Gesamtkarten des deutschen Raumes von den Anfängen bis um 1650“. Uitg. Canaletto, Alphen aan den Rijn, 2001. (S. 192 ff. Tab. 2 bis 7)

Literatur in Zusammenhang:
K. H. Burmeister, „Sebastian Münster : eine Bibliographie“. Pressler, Wiesbaden, 1964.

Literatur in Zusammenhang:
„Imago Germaniae : das Deutschlandbild der Kartenmacher in fünf Jahrhunderten ; [Ausstellung:] 24. September - 9. November 1996 ; eine Ausstellung der Staatsbibliothek zu Berlin mit der Collection Niewodniczański, Bitburg“. [Berlin], 1996. (Nr. 7 und 8)

Veröffentlicht in:
S. Münster, „Cosmographiae universalis libri VI. Cosmographei “. Petri, Basileae, 1554. (als Karte 6)</marc:subfield>
          </marc:datafield>
          <marc:datafield tag="650" ind1="1" ind2=" ">
            <marc:subfield code="a">Landkarte</marc:subfield>
          </marc:datafield>
          <marc:datafield tag="773" ind1="0" ind2=" ">
            <marc:subfield code="t">Sammlung Körber-Einbeck</marc:subfield>
          </marc:datafield>
          <marc:datafield tag="852" ind1=" " ind2=" ">
            <marc:subfield code="a">Institut für Historische Landesforschung der Universität Göttingen</marc:subfield>
          </marc:datafield>
          <marc:datafield tag="" ind1=" " ind2=" ">
            <marc:subfield code="a">Namensnennung-Nicht kommerziell 4.0 International (CC BY-NC 4.0))</marc:subfield>
          </marc:datafield>
        </marc:record>
      </metadata>
    </record>
  </GetRecord>
</OAI-PMH>
